Catholic University of Zimbabwe Library
Online Public Access Catalogue
(OPAC)

Thailand in brief. (Record no. 4806)

MARC details
000 -LEADER
fixed length control field 00799cam a2200253 a 4500
001 - CONTROL NUMBER
control field 0000004999
005 - DATE AND TIME OF LATEST TRANSACTION
control field 20170406120255.0
008 - FIXED-LENGTH DATA ELEMENTS--GENERAL INFORMATION
fixed length control field 000211s1995 th ab f000 0 engo
010 ## - LIBRARY OF CONGRESS CONTROL NUMBER
LC control number 96947387
025 ## - OVERSEAS ACQUISITION NUMBER
Overseas acquisition number Th-E-96-947387
035 ## - SYSTEM CONTROL NUMBER
System control number (DLC) 96947387
037 ## - SOURCE OF ACQUISITION
Source of stock number/acquisition Library of Congress -- New Delhi Field Office
040 ## - CATALOGING SOURCE
Original cataloging agency DLC
Transcribing agency DLC
042 ## - AUTHENTICATION CODE
Authentication code ode=LC overseas data entry
043 ## - GEOGRAPHIC AREA CODE
Geographic area code a-th---
050 00 - LIBRARY OF CONGRESS CALL NUMBER
Classification number DS563.5
Item number .T457 1995
245 00 - TITLE STATEMENT
Title Thailand in brief.
250 ## - EDITION STATEMENT
Edition statement 8th ed.
260 ## - PUBLICATION, DISTRIBUTION, ETC.
Place of publication, distribution, etc. [Bangkok] :
Name of publisher, distributor, etc. Foreign News Division, Government Public Relations Dept., Office of the Prime Minister,
Date of publication, distribution, etc. 1990.
300 ## - PHYSICAL DESCRIPTION
Extent 161 p. :
Other physical details col. ill., map ;
Dimensions 22 cm.
651 #0 - SUBJECT ADDED ENTRY--GEOGRAPHIC NAME
Geographic name Thailand.
710 1# - ADDED ENTRY--CORPORATE NAME
Corporate name or jurisdiction name as entry element Thailand.
Subordinate unit K�aong Khao Tangprathet.
908 ## - PUT COMMAND PARAMETER (RLIN)
Put command parameter 141201
Holdings
Withdrawn status Lost status Source of classification or shelving scheme Damaged status Not for loan Home library Current library Shelving location Date acquired Total Checkouts Full call number Barcode Date last seen Copy number Price effective from Koha item type
          CUZ Harare Campus CUZ Harare Campus Open Shelf 06.04.2017   REF DS 563.5 .T4571 BK0005798 22.05.2025 CU12793 06.04.2017 OS Book

OPENING HOURS

Weekdays: 0815hrs - 1800hrs
Weekends:0900hrs - 1200hrs

Closed for Mass:

Mon, Thur: 1200hrs - 1300hrs
Sunday & Public Holiday’s

CALL SUPPORT

0242-570570, 0242-570169
09200664, +263 8644140602

LOCATION

18443, Cranborne Avenue, Hatfield, Harare

Other Links


©2021 | CUZ Library